000 00903nam-a2200205-a-4500
001 000169926
003 AM-YeHGA
005 20250617161645.0
008 990531s1950 xxu 000 0 rus u
040 _aAM-YeHGA
100 1 0 _aГоловко, Д.Н.
245 1 0 _aСбор, сушка. хранение и упаковка лекарственного сырья :
_b(Справочник) /
_cД.Н. Головко, Ф.М. Рожко ; Под ред. П.И. Сараева.
260 0 _aМосква :
_bМедгиз ,
_c1950.
300 _a210 с.
650 4 _aЗдравоохранение, медицина
700 1 _aРожко, Ф.М.
700 1 _aСараев, П.И.
_4edt
710 2 _aВсесоюзный научно-исследовательский институт лекарственных и ароматических растений "Вилар"
090 _c478379
999 _c475090
_d475090